Municipalities of Marquette County, Wisconsin - Statistics

General Stats
  • This quiz has been taken 88 times
  • The average score is 7 of 20
Answers on the Map
Answers color-coded by a green-red scale on the quiz's map according to % correct below.
 
Answer Stats
Answer % Correct
City of Montello
60%
Town of Mecan
60%
Town of Montello
60%
Town of Neshkoro
60%
Town of Oxford
60%
Town of Westfield
60%
Village of Neshkoro
60%
Village of Oxford
60%
Village of Westfield
60%
Census Designated Place of Packwaukee
40%
Town of Packwaukee
40%
Village of Endeavor
40%
Town of Douglas
20%
Town of Shields
20%
Town of Springfield
20%
Town of Buffalo
0%
Town of Crystal Lake
0%
Town of Harris
0%
Town of Moundville
0%
Town of Newton
0%
No matching quizzes found
Score Distribution
Percent of People with Each Score
Percentile by Number Answered
Your Score History
You have not taken this quiz